000 00824nam a2200265Ia 4500
003 GCL
008 140319s9999 xx 000 0 ara d
040 _aGCL /
_cGCL
082 0 4 _aد
_b050
_bد هـ
245 1 0 _aفلسطين وغزو العراق ( الهلال ابريل 2003 )
260 _aالقاهرة :
_bدار الهلال للطباعة والنشر ،
_c2003
650 0 4 _aفلسطين
650 0 4 _aالجريمة
650 0 4 _aالفن
650 0 4 _aالشباب
650 0 4 _aالسينما
650 0 4 _aنجيب محفوظ
650 0 4 _aالكوكايين
650 0 4 _aالعمال المصريون
650 0 4 _aابن بطوطة
650 0 4 _aام كلثوم
650 0 4 _aعصر المعلومات
650 0 4 _aالاعتداء الامريكى على العراق
942 _2ddc
_cCR
999 _c6746
_d6746